000 00714nam a2200289Ia 4500
005 20260324133602.0
008 008 260324s9999 xx 000 0 eng d
020 _a9781315830322
037 _aEBOOK
040 _aCRL
040 _beng
040 _cCRL
041 _2eng
041 _aeng
084 _qCRL
100 _aGeorg Wilhelm Freidrich Hegel; Michael John Petry
_91193639
245 0 _aHegel's Philosophy of Nature
245 0 _bVolume I Edited by M J Petry
260 _bTaylor and Francis
260 _c2003
365 _a
365 _b450
856 _uhttp://www.taylorfrancis.com/books/9781315830322
942 _cEBOOK
999 _c1792832
_d1792832